LEADER 00992nam0 22002891i 450 001 RML0290704 005 20231121125736.0 010 $a0415050863 100 $a20121121d1979 ||||0itac50 ba 101 | $aeng 102 $agb 181 1$6z01$ai $bxxxe 182 1$6z01$an 200 1 $aFormalism & marxism$fTony Bennett 210 $aLondon $cRoutledge $d1979 215 $a200 p.$d19 cm 225 | $aNew Accents$c- London $eRoutledge 410 0$1001RML0331375$12001 $aNew Accents$c- London $eRoutledge 700 1$aBennett$b, Tony$3RMLV187943$0382022 801 3$aIT$bIT-01$c20121121 850 $aIT-FR0017 899 $aBiblioteca umanistica Giorgio Aprea$bFR0017 912 $aRML0290704 950 0$aBiblioteca umanistica Giorgio Aprea$d 52CIS 1/2544$e 52VM 0000601565 VM barcode:00059164. - Inventario:11527 FLSVM$fA $h20060315$i20121204 977 $a 52 996 $aFormalism & marxism$93628033 997 $aUNICAS LEADER 02973nam2 22005293i 450 001 PUV0637745 005 20231121125617.0 010 $a8831194666 100 $a20010322d2000 ||||0itac50 ba 101 | $aita$alat 102 $ait 181 1$6z01$ai $bxxxe 182 1$6z01$an 200 1 $a˜16.2: œPolemica con i donatisti$eInterventi alla conferenza di Cartagine$aSommario della conferenza con i donatisti$aAi donatisti dopo la conferenza$aDiscorso ai fedeli della chiesa di Cesarea$aAtti del confronto con Emerito$aContro Gaudenzio$etesto latino dell'edizione maurina confrontato con il Corpus scriptorum ecclesiasticorum Latinorum e il Corpus christianorum Latinorum$fsant'Agostino$gintroduzione generale, introduzioni particolari, traduzione e note di Eugenio Cavallari$gindici di Franco Monteverde 210 $aRoma$cCittà nuova$d[2000] 215 $aXXIII, 617 p., [4] c. di tav.$cill.$d25 cm 300 $aNell'occhietto: Parte 1.: Opere polemiche, volume 16/2. 461 1$1001CFI0025514$12001 $aOpere di sant'Agostino$v16.2 676 $a272$9$v21 700 1$aAugustinus$b, Aurelius$c $3CFIV004595$4070$0152280 702 1$aMonteverde$b, Franco$f <1933-2018>$3CFIV033106 702 1$aCavallari$b, Eugenio$3CFIV133700 790 0$aAugustinus Aurelius$c $3BVEV021814$zAugustinus, Aurelius 790 0$aAgostino : d'Ippona$c $3CFIV013519$zAugustinus, Aurelius 790 1$aAgostino$b, Aurelio$c $3CFIV030601$zAugustinus, Aurelius 790 0$aAugustinus : von Hippo$c $3CFIV130059$zAugustinus, Aurelius 790 0$aAurelio Agostino$c $3CFIV137762$zAugustinus, Aurelius 790 0$aAgostino$c $3CFIV157151$zAugustinus, Aurelius 790 0$aAgostino$3CFIV211414$zAugustinus, Aurelius 790 0$aAugustinus : Hipponensis$c $3RMLV215613$zAugustinus, Aurelius 801 3$aIT$bIT-01$c20010322 850 $aIT-RM0290 $aIT-RM0313 $aIT-RM0281 $aIT-FR0084 $aIT-FR0017 899 $aBIBLIOTECA ANGELICA$bRM0290 899 $aBIBLIOTECA CASANATENSE$bRM0313 899 $aBIBLIOTECA VALLICELLIANA$bRM0281 899 $aBiblioteca Del Monumento Nazionale Di Montecassino$bFR0084 899 $aBiblioteca umanistica Giorgio Aprea$bFR0017 $eN 912 $aPUV0637745 950 2$aBiblioteca umanistica Giorgio Aprea$d 52MAG 3 Coll A 16.2$e 52FSS0000074455 VMB RS $fA $h20200714$i20200714 977 $a 06$a 07$a 08$a 25$a 52 996 $aGesta cum Emerito$948222 996 $aAi Donatisti dopo la Conferenza$91134624 996 $aSommario della Conferenza con i Donatisti$91134623 996 $aDiscorso ai fedeli della Chiesa di Cesarea$91134625 996 $aContro Gaudenzio$91134627 996 $aAtti del confronto con Emerito$91134626 997 $aUNICAS